[Event "Challenge"]
[Site "http://www.queenalice.com/game.php?id=362123"]
[Date "2008.2.27"]
[Round "-"]
[White "Olivampiro"]
[Black "kingpatrick"]
[Result "1-0"]
[WhiteElo "1966"]
[BlackElo "1930"]

1. e4 e6 2. d4 d5 3. Nd2 c5 4. exd5 cxd4 5. dxe6 Bxe6 6. Ngf3 Bc5 7. Bb5+ Nd7 8.
O-O Nf6 9. Nb3 Bxb3 10. axb3 a6 11. Re1+ Be7 12. Nxd4 O-O 13. Bc6 Bc5 14. Bxb7
Bxd4 15. Qxd4 Rb8 16. Bxa6 Qc7 17. Bf4 Qxc2 18. Bxb8 Rxb8 19. Bc4 Qg6 20. Re7
Rf8 21. Qd6 h6 22. Rxd7 Nxd7 23. Qxg6 1-0

[Event "Challenge"]
[Site "http://www.queenalice.com/game.php?id=368832"]
[Date "2008.3.10"]
[Round "-"]
[White "Olivampiro"]
[Black "KLEOJ"]
[Result "1-0"]
[WhiteElo "2050"]
[BlackElo "2039"]

1. e4 d5 2. exd5 Nf6 3. Bb5+ Bd7 4. Bxd7+ Qxd7 5. Nf3 Qxd5 6. O-O Nc6 7. d3
O-O-O 8. Nc3 Qh5 9. Bf4 e5 10. Nxe5 Qxd1 11. Raxd1 Nxe5 12. Bxe5 Ng4 13. Bg3 h5
14. h3 h4 15. Bf4 Rd4 16. Ne2 Rxf4 17. Nxf4 Bd6 18. hxg4 Bxf4 19. Rfe1 Bd6 20.
d4 Rh6 21. Rd3 Rg6 22. Re4 Kd7 23. Rf3 f6 24. c4 b6 25. Rf5 Rh6 26. Rh5 c5 27.
Rxh6 gxh6 28. d5 Be5 29. b3 Kd6 30. f4 Bd4+ 31. Kh2 Kd7 32. Kh3 1-0

[Event "Challenge"]
[Site "http://www.queenalice.com/game.php?id=368833"]
[Date "2008.3.10"]
[Round "-"]
[White "Olivampiro"]
[Black "KLEOJ"]
[Result "1-0"]
[WhiteElo "2006"]
[BlackElo "2039"]

1. e4 d5 2. exd5 Qxd5 3. Nc3 Qa5 4. d4 Nf6 5. Bd2 c6 6. Nf3 Bg4 7. Bc4 e6 8. h3
Qh5 9. Be2 Bd6 10. O-O O-O 11. hxg4 Nxg4 12. g3 Qh3 13. Ne4 Be7 14. Re1 Nd7 15.
Bf1 Qh5 16. Kg2 f5 17. Nc3 Qg6 18. Bc4 Rf6 19. Bg5 Raf8 20. Qe2 Kh8 21. Bxf6
Rxf6 22. Nh4 Qh5 23. Bxe6 Nde5 24. Bb3 Ng6 25. Nxg6+ 1-0

[Event "AUTO-OPEN-944"]
[Site "http://www.queenalice.com/game.php?id=402959"]
[Date "2008.5.14"]
[Round "2"]
[White "toninho89"]
[Black "Olivampiro"]
[Result "0-1"]
[WhiteElo "2426"]
[BlackElo "2168"]

1. d4 Nf6 2. c4 g6 3. Nc3 Bg7 4. e4 d6 5. Be2 c5 6. d5 Qa5 7. Qd2 Nbd7 8. f4 O-O
9. Nf3 a6 10. O-O b5 11. e5 b4 12. Nd1 dxe5 13. fxe5 Ng4 14. Qg5 Ngxe5 15. Nxe5
Nxe5 16. Qxe7 Bf5 17. Qh4 Rae8 18. Nf2 b3 19. a4 Nd7 20. Bd3 Bxd3 21. Nxd3 Ne5
22. Nxe5 Rxe5 23. Bg5 f5 24. Bh6 Re4 25. Qh3 Qb4 26. Bxg7 Kxg7 27. Rac1 Re2 28.
Rc3 Rxb2 29. Qe3 Re2 30. Qxe2 Qxc3 31. Qe7+ Rf7 32. Qxc5 b2 33. Qb6 f4 34. a5
Qe3+ 35. Kh1 Qc1 36. Rg1 Re7 37. Qb4 Re2 38. Qb7+ Kh6 0-1

[Event "AUTO-OPEN-944"]
[Site "http://www.queenalice.com/game.php?id=402960"]
[Date "2008.5.14"]
[Round "2"]
[White "Olivampiro"]
[Black "toninho89"]
[Result "0-1"]
[WhiteElo "2216"]
[BlackElo "2415"]

1. e4 e5 2. Nf3 Nf6 3. Nxe5 d6 4. Nf3 Nxe4 5. Qe2 Qe7 6. d3 Nf6 7. Bg5 Qxe2+ 8.
Bxe2 Be7 9. O-O Nc6 10. Nc3 Be6 11. Nb5 O-O-O 12. Rfe1 Rhe8 13. Be3 Kb8 14. Nbd4
Nxd4 15. Nxd4 Bc8 16. Bf3 Ng4 17. Bc6 bxc6 18. Nxc6+ Kb7 19. Nxd8+ Bxd8 20. Bd4
Rxe1+ 21. Rxe1 Bf6 22. Bxf6 Nxf6 23. f3 Be6 24. a3 c5 25. Kf2 d5 26. d4 cxd4 27.
g4 Kc6 28. Kg3 Kd6 29. Kf4 Nd7 30. b4 Nb6 31. Rd1 Nc4 32. Rd3 Ne3 33. c3 g5+ 34.
Kxg5 dxc3 35. Rxc3 d4 36. Rd3 Kd5 37. Kf4 Kc4 38. Rd2 Kc3 39. Rf2 Nc4 40. Rf1 d3
41. Ra1 d2 42. Kg5 Ne3 43. Kf4 d1=Q 44. Rxd1 Nxd1 45. Kg5 Bd5 46. f4 Kb3 47. Kh6
Nf2 48. g5 Be4 49. Kg7 Kxa3 50. b5 Kb4 0-1

[Event "AUTO-OPEN-944"]
[Site "http://www.queenalice.com/game.php?id=402965"]
[Date "2008.5.14"]
[Round "2"]
[White "Olivampiro"]
[Black "igorzz"]
[Result "1-0"]
[WhiteElo "2201"]
[BlackElo "1927"]

1. d4 d5 2. e3 Nf6 3. f4 e6 4. Nf3 c5 5. c3 cxd4 6. exd4 Nc6 7. Bd3 Bd6 8. O-O
Qc7 9. Ne5 h5 10. Nd2 Bxe5 11. fxe5 Ng4 12. Nb3 f6 13. Bg6+ Kd8 14. h3 Ne7 15.
Bxh5 Nh6 16. exf6 gxf6 17. Rxf6 Nhf5 18. Qf3 Qg3 19. Qxg3 Nxg3 20. Bf3 b6 21.
Bg5 Bd7 22. Rf7 Nf5 23. g4 Be8 24. Rf6 Nd6 25. Rxe6 Nc8 26. Rae1 Rh7 27. Bxd5
Rb8 28. Bf4 1-0

[Event "AUTO-OPEN-944"]
[Site "http://www.queenalice.com/game.php?id=402966"]
[Date "2008.5.14"]
[Round "2"]
[White "igorzz"]
[Black "Olivampiro"]
[Result "0-1"]
[WhiteElo "1927"]
[BlackElo "2192"]

1. e4 c5 2. d4 cxd4 3. Nf3 e5 4. c3 dxc3 5. Nxc3 Nc6 6. Bb5 Nf6 7. Bg5 Be7 8.
O-O Qb6 9. Bxf6 Bxf6 10. Qd5 O-O 11. Na4 Qc7 12. Nc3 Nd4 13. Ba4 Nxf3+ 14. gxf3
d6 15. Nb5 Qa5 16. Qc4 Be6 17. Qc2 Rac8 18. Qd1 Rfd8 19. Nc3 Bg5 20. Bb3 Bh3 21.
Re1 Rd7 22. Bd5 Qd8 23. Ne2 Rdc7 24. Qb3 Bf4 25. Bxf7+ Rxf7 26. Nxf4 exf4 27.
Rad1 Qg5+ 0-1

[Event "Challenge"]
[Site "http://www.queenalice.com/game.php?id=408481"]
[Date "2008.5.26"]
[Round "-"]
[White "Olivampiro"]
[Black "KLEOJ"]
[Result "1-0"]
[WhiteElo "2153"]
[BlackElo "2071"]

1. e4 c5 2. Nf3 e6 3. d4 cxd4 4. Nxd4 a6 5. Nc3 Qc7 6. Bd3 Nf6 7. O-O Be7 8. Re1
d6 9. Be3 Nbd7 10. g4 h5 11. g5 Ng4 12. Nf3 Nxe3 13. Rxe3 g6 14. h4 b5 15. Qd2
Bb7 16. a4 b4 17. Na2 a5 18. c3 b3 19. Nc1 Nc5 20. Bb5+ Bc6 21. Nd4 Bxb5 22.
axb5 Qb7 23. Ncxb3 Nxb3 24. Nxb3 Qxb5 25. Rxa5 Rxa5 26. c4 Qxc4 27. Nxa5 Qa6 28.
Rc3 O-O 29. Nc6 Qb7 30. Rc4 Ra8 31. Qb4 Qd7 32. Qc3 Bf8 33. b4 d5 34. Qd3 Qe8
35. exd5 exd5 36. Rc1 Qe6 37. Qd4 Bg7 38. Qf4 Kh7 39. b5 Rc8 40. Kg2 d4 41. Qf3
Re8 42. b6 Qd7 43. Rb1 Qb7 44. Nxd4 Re4 45. Ne2 Be5 46. Rb4 Rg4+ 47. Rxg4 Qxf3+
48. Kxf3 hxg4+ 49. Kxg4 Kg7 50. b7 Kf8 51. Nd4 Ke8 52. Nc6 Bc7 53. b8=Q+ 1-0

[Event "Challenge"]
[Site "http://www.queenalice.com/game.php?id=443284"]
[Date "2008.8.3"]
[Round "-"]
[White "zegan13"]
[Black "Olivampiro"]
[Result "1-0"]
[WhiteElo "1919"]
[BlackElo "2186"]

1. e4 e5 2. Nf3 Nf6 3. d4 Nxe4 4. dxe5 Bc5 5. Bc4 Nxf2 6. Bxf7+ Kf8 7. Qd5 Nxh1
8. Qxc5+ Kxf7 9. Nc3 d6 10. Qd5+ Ke8 11. Bg5 c6 12. Qd2 Qd7 13. O-O-O h6 14. e6
Qc7 15. Ne4 d5 16. Bf4 Qd8 17. Qd4 Rg8 18. Nd6+ Ke7 19. Nf5+ Kxe6 20. Re1+ Kxf5
21. g4+ Kg6 22. Qd3+ Kf6 23. g5+ Kf7 24. Ne5+ Kf8 25. Qg6 Qe7 26. Nd7+ Nxd7 27.
Bd6 1-0

[Event "Revanche"]
[Site "http://www.queenalice.com/game.php?id=443717"]
[Date "2008.8.4"]
[Round "-"]
[White "Olivampiro"]
[Black "zegan13"]
[Result "1-0"]
[WhiteElo "2207"]
[BlackElo "2249"]

1. d4 d5 2. c4 e6 3. Nc3 c6 4. Nf3 Nf6 5. e3 Bd6 6. c5 Bc7 7. Bd3 b6 8. b4 a5 9.
b5 O-O 10. cxb6 Bxb6 11. Ba3 Re8 12. Ne5 cxb5 13. Nxb5 Ba6 14. O-O Ne4 15. f3
Ng5 16. Nd6 f6 17. f4 Ne4 18. Nef7 Qd7 19. Nxe8 Qxf7 20. Bxe4 Qxe8 21. Bd3 f5
22. Rb1 Bc7 23. Qc2 Bd8 24. Bxa6 Nxa6 25. Rfc1 1-0

[Event "Challenge"]
[Site "http://www.queenalice.com/game.php?id=451927"]
[Date "2008.8.22"]
[Round "-"]
[White "Olivampiro"]
[Black "hjspinosa"]
[Result "1-0"]
[WhiteElo "2198"]
[BlackElo "2203"]

1. Nc3 Nf6 2. Nf3 g6 3. e4 d6 4. Bc4 Bg7 5. O-O c5 6. d4 cxd4 7. Nxd4 O-O 8. Be3
Nc6 9. f3 Qb6 10. Na4 Qa5 11. Bb3 Bd7 12. Nc3 Qb6 13. Nf5 Qc7 14. Nxg7 Kxg7 15.
Nd5 Nxd5 16. exd5 Ne5 17. f4 Ng4 18. Bxa7 Kg8 19. Bd4 Nh6 20. c3 Nf5 21. Bf2
Rfc8 22. Re1 b5 23. g4 Ng7 24. Rxe7 1-0

[Event "AUTO-OPEN-944"]
[Site "http://www.queenalice.com/game.php?id=461692"]
[Date "2008.9.11"]
[Round "3"]
[White "aknightout"]
[Black "Olivampiro"]
[Result "0-1"]
[WhiteElo "2111"]
[BlackElo "2225"]

1. e4 Nc6 2. Nf3 Nf6 3. d3 e5 4. g3 d5 5. Nbd2 Bg4 6. h3 Bh5 7. g4 Bg6 8. Nh4
dxe4 9. Nxg6 hxg6 10. dxe4 Bc5 11. c3 a5 12. Qc2 Nxg4 0-1

[Event "AUTO-OPEN-944"]
[Site "http://www.queenalice.com/game.php?id=461693"]
[Date "2008.9.11"]
[Round "3"]
[White "Olivampiro"]
[Black "aknightout"]
[Result "1-0"]
[WhiteElo "2234"]
[BlackElo "2027"]

1. e4 e5 2. Nc3 Nf6 3. Nf3 d6 4. d4 exd4 5. Nxd4 g6 6. Bb5+ c6 7. Be2 b5 8. a3
Bg7 9. O-O O-O 10. Qd3 Ba6 11. b4 Nbd7 12. Nxc6 Qc7 13. Nd4 Ne5 14. Ndxb5 Qb8
15. Qxd6 Nxe4 16. Qxa6 Nxc3 17. Nxc3 Re8 18. Bf4 Nf3+ 19. Bxf3 Bxc3 20. Bxb8 1-0

[Event "AUTO-OPEN-944"]
[Site "http://www.queenalice.com/game.php?id=461694"]
[Date "2008.9.11"]
[Round "3"]
[White "toninho89"]
[Black "Olivampiro"]
[Result "0-1"]
[WhiteElo "2160"]
[BlackElo "2250"]

1. e4 c5 2. Nf3 Nc6 3. d4 cxd4 4. Nxd4 Qb6 5. Nb3 Nf6 6. Nc3 e6 7. Bd3 Bb4 8.
Bd2 O-O 9. a3 Bxc3 10. Bxc3 e5 11. O-O d6 12. Bd2 Be6 13. Be3 Nd4 14. Nxd4 exd4
15. Bc1 Rac8 16. b4 Rfe8 17. Bb2 a5 18. Qd2 Bc4 19. Rfe1 Nd7 20. Rad1 Ne5 21.
Be2 Qb5 22. Bxd4 axb4 23. axb4 Bxe2 24. Rxe2 Rc4 25. Re3 Rxb4 26. Bc3 Rb1 27.
Rxb1 Qxb1+ 28. Re1 Qb6 29. Ra1 Ng6 30. h3 h6 31. Ra4 Rc8 32. Rb4 Qc6 33. Bb2 Re8
34. Qd4 f6 35. Rc4 Qb5 36. Rc7 Re7 37. c4 Qe5 38. Rxe7 Nxe7 39. Kf1 Qh2 40. Ba3
Qh1+ 41. Ke2 Qxg2 42. Bxd6 Nc6 43. Qd5+ Kh8 44. Qd3 Kg8 45. Bc7 Qh1 0-1

[Event "AUTO-OPEN-944"]
[Site "http://www.queenalice.com/game.php?id=461695"]
[Date "2008.9.11"]
[Round "3"]
[White "Olivampiro"]
[Black "toninho89"]
[Result "1-0"]
[WhiteElo "2240"]
[BlackElo "2170"]

1. e4 e5 2. Nf3 Nc6 3. Bb5 a6 4. Ba4 Nf6 5. O-O Be7 6. Nc3 b5 7. Bb3 O-O 8. d3
d6 9. Nd5 Na5 10. Bd2 Nxb3 11. Nxe7+ Qxe7 12. axb3 Bb7 13. Qe2 Nd7 14. Rfd1 f5
15. b4 fxe4 16. dxe4 Nf6 17. Bg5 h6 18. Bxf6 Qxf6 19. Nd2 h5 20. Ra3 h4 21. Rc3
Qe7 22. Nb3 Bc8 23. h3 Rf7 24. Nd2 Bb7 25. Qe3 Raf8 26. f3 Ra8 27. Ra3 Qf6 28.
Nb1 Qg6 29. Nc3 Rd8 30. Kh1 c6 31. Rd3 Rfd7 32. Ra1 Rf8 33. Qd2 Rf6 34. Nd1 Rd8
35. Ne3 Bc8 36. c4 bxc4 37. Nxc4 Qg3 38. Qe1 Qf4 39. Ra5 Re6 40. Rc5 Bb7 41. Na5
Rc8 42. Rc2 Ba8 43. Rdc3 Kh7 44. Nxc6 Rce8 45. Qd1 Rg6 46. Qe2 1-0